Stoicism in early Christianity / (Record no. 118197)
[ view plain ]
| 000 -LEADER | |
|---|---|
| fixed length control field | 02593cam a2200385 a 4500 |
| 001 - CONTROL NUMBER | |
| control field | 16254383 |
| 003 - CONTROL NUMBER IDENTIFIER | |
| control field | ARRUPE |
| 005 - DATE AND TIME OF LATEST TRANSACTION | |
| control field | 20131001160727.0 |
| 008 - FIXED-LENGTH DATA ELEMENTS--GENERAL INFORMATION | |
| fixed length control field | 100527s2010 mau b 001 0 eng |
| 010 ## - LIBRARY OF CONGRESS CONTROL NUMBER | |
| LC control number | 2010021683 |
| 020 ## - INTERNATIONAL STANDARD BOOK NUMBER | |
| International Standard Book Number | 9780801039515 (pbk.) |
| 020 ## - INTERNATIONAL STANDARD BOOK NUMBER | |
| International Standard Book Number | 0801039517 (pbk.) |
| 020 ## - INTERNATIONAL STANDARD BOOK NUMBER | |
| International Standard Book Number | 9781598564457 (alk. paper) |
| 020 ## - INTERNATIONAL STANDARD BOOK NUMBER | |
| International Standard Book Number | 1598564455 (alk. paper) |
| 035 ## - SYSTEM CONTROL NUMBER | |
| System control number | (OCoLC)ocn637710865 |
| 040 ## - CATALOGING SOURCE | |
| Original cataloging agency | DLC |
| Transcribing agency | DLC |
| Modifying agency | XBE |
| -- | LNT |
| -- | YDXCP |
| -- | SLT |
| -- | BWX |
| -- | UMS |
| -- | DLC |
| 043 ## - GEOGRAPHIC AREA CODE | |
| Geographic area code | e------ |
| -- | ff----- |
| -- | aw----- |
| 050 00 - LIBRARY OF CONGRESS CALL NUMBER | |
| Classification number | BR128.A2 |
| Item number | S76 2010 |
| 082 00 - DEWEY DECIMAL CLASSIFICATION NUMBER | |
| Classification number | 261.2 |
| Edition number | 22 |
| 300 ## - PHYSICAL DESCRIPTION | |
| Dimensions | 23 cm. |
| 245 00 - TITLE STATEMENT | |
| Title | Stoicism in early Christianity / |
| Statement of responsibility, etc | edited by Tuomas Rasimus, Troels Engberg-Pedersen, and Ismo Dunderberg. |
| 260 ## - PUBLICATION, DISTRIBUTION, ETC. (IMPRINT) | |
| Place of publication, distribution, etc | Peabody, Mass. : |
| Name of publisher, distributor, etc | Hendrickson Publishers, |
| Date of publication, distribution, etc | c2010. |
| 300 ## - PHYSICAL DESCRIPTION | |
| Extent | xiii, 301 p. ; |
| 504 ## - BIBLIOGRAPHY, ETC. NOTE | |
| Bibliography, etc | Includes bibliographical references and indexes. |
| 505 0# - FORMATTED CONTENTS NOTE | |
| Formatted contents note | Setting the scene : Stoicism and Platonism in the transitional period in ancient philosophy / Troels Engberg-Pedersen -- Stoicism as a key to Pauline ethics in Romans / Runar M. Thorsteinsson -- Stoic law in Paul? / Niko Huttunen -- Jesus the teacher and Stoic ethics in the gospel of Matthew / Stanley K. Stowers -- An "emotional" Jesus and Stoic tradition / Harold W. Attridge -- The emotional Jesus : anti-Stoicism in the fourth gospel? / Gitte Buch-Hansen -- Stoic physics, the universal conflagration, and the eschatological destruction of the "ignorant and unstable" in 2 Peter / J. Albert Harrill -- The Stoics and the early Christians on the treatment of slaves / John T. Fitgerald -- Facing the beast : Justin, Christian martyrdom, and freedom of the will / Nicola Denzey -- A Stoic reading of the Gospel of Mary : the meaning of "matter" and "nature" in Gospel of Mary 7.1-8.11 / Esther de Boer -- Stoic traditions in the school of Valentinus / Ismo Dunderberg -- Critical reception of the Stoic theory of passions in the Apocryphon of John / Takashi Onuki -- Stoic ingredients in the Neoplatonic being-life-mind triad : an original second-century Gnostic innovation? / Tuomas Rasimus. |
| 630 00 - SUBJECT ADDED ENTRY--UNIFORM TITLE | |
| Uniform title | Bible. |
| Name of part/section of a work | New Testament |
| General subdivision | Philosophy. |
| 9 (RLIN) | 1898 |
| 650 #0 - SUBJECT ADDED ENTRY--TOPICAL TERM | |
| Topical term or geographic name as entry element | Stoics. |
| 9 (RLIN) | 1899 |
| 650 #0 - SUBJECT ADDED ENTRY--TOPICAL TERM | |
| Topical term or geographic name as entry element | Philosophy and religion |
| Geographic subdivision | Rome. |
| 9 (RLIN) | 1900 |
| 650 #0 - SUBJECT ADDED ENTRY--TOPICAL TERM | |
| Topical term or geographic name as entry element | Church history |
| Chronological subdivision | Primitive and early church, ca. 30-600. |
| 9 (RLIN) | 1901 |
| 700 1# - ADDED ENTRY--PERSONAL NAME | |
| Personal name | Rasimus, Tuomas. |
| 9 (RLIN) | 1902 |
| 700 1# - ADDED ENTRY--PERSONAL NAME | |
| Personal name | Engberg-Pedersen, Troels. |
| 9 (RLIN) | 1903 |
| 700 1# - ADDED ENTRY--PERSONAL NAME | |
| Personal name | Dunderberg, Ismo. |
| 9 (RLIN) | 1904 |
| 906 ## - LOCAL DATA ELEMENT F, LDF (RLIN) | |
| a | 7 |
| b | cbc |
| c | orignew |
| d | 1 |
| e | ecip |
| f | 20 |
| g | y-gencatlg |
| 942 ## - ADDED ENTRY ELEMENTS (KOHA) | |
| Source of classification or shelving scheme | Library of Congress Classification |
| Koha item type | Monograph ( Printed materials) |
| Withdrawn status | Lost status | Source of classification or shelving scheme | Damaged status | Not for loan | Home library | Current library | Date acquired | Total Checkouts | Full call number | Barcode | Date last seen | Date checked out | Price effective from | Koha item type |
|---|---|---|---|---|---|---|---|---|---|---|---|---|---|---|
| Library of Congress Classification | ARRUPE LIBRARY | ARRUPE LIBRARY | 01/10/2013 | 1 | BR128.A2 S76 2010 | 46411280 | 07/01/2019 | 07/12/2018 | 01/10/2013 | Monograph ( Printed materials) |